| 000 | 00338nam a2200121Ia 4500 | ||
|---|---|---|---|
| 008 | 220217s9999 xx 000 0 und d | ||
| 245 | 0 | _aTesting of elastomers. Determination of needle tear resistance. | |
| 260 | _c1974 | ||
| 500 | _aStandard number: DIN 53 506 | ||
| 650 | _aElastomers | ||
| 650 | _aNeedle tear resistance | ||
| 942 | _cST | ||
| 999 |
_c73318 _d73318 |
||